[Event "Voronezh op-A 14th"]
[Site "Voronezh"]
[Date "2010.06.14"]
[Round "3"]
[White "Lukjanenko, Alexander"]
[Black "Gurkin, Anton"]
[Result "1-0"]
[WhiteElo "2375"]
[BlackElo "2220"]
[PlyCount "57"]
[EventDate "2010.06.12"]
[EventType "swiss"]
[EventRounds "9"]
[EventCountry "RUS"]
[SourceTitle "CBM 137 Extra"]
[Source "ChessBase"]
[SourceDate "2010.09.01"]
[SourceVersion "1"]
[SourceVersionDate "2010.09.01"]
[SourceQuality "1"]

1. e4 c5 2. Nc3 Nc6 3. Nf3 d6 4. d4 cxd4 5. Nxd4 e5 6. Nf5 Bxf5 7. exf5 Be7 8. Bc4 Nf6 9. Be3 Qd7 10. Qf3 a6 11. 0-0-0 b5 12. Bb3 Rc8 13. g4 h6 14. h4 Na5 15. g5 Nxb3+ 16. axb3 Ng8 17. Nd5 Qc6 18. c3 h5 19. Rhg1 a5 20. f6 gxf6 21. gxf6 Bf8 22. Qf5 b4 23. c4 Nh6 24. Bxh6 Bxh6+ 25. Kb1 Ra8 26. Ne7 Qa6 27. c5 Rd8 28. c6 Qb6 29. Qxh5 1-0

[Event "Dimitrovgrad-ch"]
[Site "Dimitrovgrad"]
[Date "2009.??.??"]
[Round "7"]
[White "Lukjanenko, Alexander"]
[Black "Terentiev, Vitaly G"]
[Result "1-0"]
[WhiteElo "2375"]
[BlackElo "2300"]
[PlyCount "63"]
[EventDate "2009.08.??"]
[EventType "swiss"]
[EventRounds "9"]
[EventCountry "RUS"]
[SourceTitle "EXT 2012"]
[Source "ChessBase"]
[SourceDate "2011.11.24"]
[SourceVersion "1"]
[SourceVersionDate "2011.11.24"]
[SourceQuality "1"]

1. e4 c5 2. Nf3 e6 3. d4 cxd4 4. Nxd4 Nc6 5. Nc3 a6 6. Be2 Nge7 7. Nb3 Na5 8. Bf4 Nec6 9. Nd2 d6 10. a3 Ne5 11. b4 Nac6 12. Be3 Be7 13. f4 Ng6 14. Na4 0-0 15. 0-0 Bf6 16. c3 Rb8 17. Bb6 Qd7 18. Nc4 d5 19. Nc5 Qe7 20. e5 dxc4 21. exf6 Qxf6 22. Ne4 Qf5 23. Nd6 Qf6 24. Qd2 Nge7 25. Bxc4 Nd5 26. Bxd5 exd5 27. Qxd5 Qxc3 28. Ne4 Qc2 29. f5 Ne7 30. Qe5 Nc6 31. Qf4 Bd7 32. f6 1-0

[Event "Voronezh Region-ch"]
[Site "Voronezh"]
[Date "2008.12.07"]
[Round "5"]
[White "Lukjanenko, Alexander"]
[Black "Provkin, Vladimir"]
[Result "1-0"]
[WhiteElo "2378"]
[BlackElo "2297"]
[PlyCount "160"]
[EventDate "2008.12.03"]
[EventType "swiss"]
[EventRounds "9"]
[EventCountry "RUS"]
[SourceTitle "EXT 2010"]
[Source "ChessBase"]
[SourceDate "2010.11.25"]
[SourceVersion "1"]
[SourceVersionDate "2010.11.25"]
[SourceQuality "1"]

1. e4 c5 2. Nf3 d6 3. d4 Nf6 4. Nc3 cxd4 5. Nxd4 Nc6 6. Bc4 e5 7. Nf5 Be6 8. Bb3 Nxe4 9. Nxg7+ Bxg7 10. Nxe4 d5 11. Ng5 0-0 12. c3 h6 13. Nxe6 fxe6 14. 0-0 Qh4 15. f3 e4 16. g3 Qh3 17. Bf4 exf3 18. Qxf3 Kh8 19. Qd3 Rf5 20. Bc2 Raf8 21. Qe2 R5f7 22. Qd3 Rf5 23. Rae1 e5 24. Qxd5 exf4 25. Bxf5 Qxf5 26. Qxf5 Rxf5 27. Rxf4 Rb5 28. Re2 Kh7 29. Kf1 Rd5 30. Rf7 b5 31. Rc7 Rd6 32. Re4 Rg6 33. Kg2 h5 34. a4 a6 35. axb5 axb5 36. Rb7 Rg5 37. Rb6 Rc5 38. Re8 Ne5 39. Re7 Nc4 40. Rbb7 Rg5 41. h4 Rg6 42. Rxb5 Kh6 43. Rg5 Nxb2 44. Rxg6+ Kxg6 45. Rc7 Be5 46. Rc6+ Kg7 47. Kf3 Nd1 48. c4 Nc3 49. Re6 Bd4 50. Kf4 Kf7 51. Rh6 Ne2+ 52. Kf3 Bg7 53. Rxh5 Nd4+ 54. Ke4 Ne2 55. Rf5+ Ke6 56. Rf3 Be5 57. g4 Nc3+ 58. Kd3 Na4 59. g5 Nb2+ 60. Ke4 Nxc4 61. Rf8 Nd6+ 62. Kf3 Bg7 63. Ra8 Kf5 64. Rd8 Nf7 65. Rd5+ Ne5+ 66. Kg3 Ke6 67. Rd1 Bf8 68. Rf1 Be7 69. Kf4 Bb4 70. Ra1 Ng6+ 71. Kg4 Ne5+ 72. Kh5 Be7 73. Ra6+ Kf7 74. Rb6 Nd7 75. Rb7 Ne5 76. Kh6 Ke6 77. Rb1 Nf7+ 78. Kh5 Ne5 79. Re1 Kf5 80. Rf1+ Ke6 1-0

[Event "Voronezh CC-ch"]
[Site "Voronezh"]
[Date "2008.10.17"]
[Round "8"]
[White "Kostin, Alexey"]
[Black "Lukjanenko, Alexander"]
[Result "1-0"]
[WhiteElo "2380"]
[BlackElo "2378"]
[PlyCount "113"]
[EventDate "2008.10.10"]
[EventType "swiss"]
[EventRounds "9"]
[EventCountry "RUS"]
[SourceTitle "EXT 2010"]
[Source "ChessBase"]
[SourceDate "2010.11.25"]
[SourceVersion "1"]
[SourceVersionDate "2010.11.25"]
[SourceQuality "1"]

1. e4 c5 2. Nf3 Nc6 3. c3 d5 4. exd5 Qxd5 5. d4 Nf6 6. Be2 e6 7. Na3 a6 8. Nc4 Qd8 9. 0-0 cxd4 10. cxd4 Be7 11. Nce5 Nxe5 12. dxe5 Qxd1 13. Rxd1 Nd5 14. Bc4 Nb4 15. a3 Nc6 16. Be3 h5 17. Rac1 Bd7 18. Bd3 Rc8 19. Be4 h4 20. Rc3 Na5 21. Rxc8+ Bxc8 22. Rc1 Bd7 23. Nd4 b5 24. Bd3 Rh5 25. f4 g5 26. b4 gxf4 27. Bxf4 Nc4 28. Bxc4 bxc4 29. Rxc4 f6 30. Nc6 Rf5 31. Nxe7 Kxe7 32. exf6+ Kxf6 33. Be3 Bb5 34. Rf4 e5 35. Rxf5+ Kxf5 36. Kf2 Bc6 37. Bb6 h3 38. gxh3 Kf4 39. Be3+ Ke4 40. h4 Be8 41. Ke2 Bf7 42. Bf2 Be8 43. Kd2 Kf3 44. Bg3 Ke4 45. Kc3 Bf7 46. a4 Be8 47. b5 axb5 48. a5 Kd5 49. a6 Kc6 50. Bf2 Bh5 51. Kb4 Be2 52. Ka5 e4 53. Bb6 e3 54. Bxe3 Kc7 55. Bd4 Kb8 56. Be3 Ka8 57. Bc5 1-0

[Event "Voronezh CC-ch"]
[Site "Voronezh"]
[Date "2008.10.16"]
[Round "7"]
[White "Sergienko, Sergey"]
[Black "Lukjanenko, Alexander"]
[Result "1-0"]
[WhiteElo "2432"]
[BlackElo "2378"]
[PlyCount "71"]
[EventDate "2008.10.10"]
[EventType "swiss"]
[EventRounds "9"]
[EventCountry "RUS"]
[SourceTitle "EXT 2010"]
[Source "ChessBase"]
[SourceDate "2010.11.25"]
[SourceVersion "1"]
[SourceVersionDate "2010.11.25"]
[SourceQuality "1"]

1. d4 f5 2. g3 Nf6 3. Bg2 e6 4. Nh3 Be7 5. 0-0 0-0 6. b3 d6 7. Bb2 Nc6 8. Nd2 Bd7 9. Nf3 Qe8 10. Nf4 h6 11. c4 Nd8 12. Nd2 g5 13. Nd3 Bc6 14. d5 exd5 15. Nb4 d4 16. Nxc6 Nxc6 17. Nf3 Ne4 18. Nxd4 Bf6 19. e3 Nxd4 20. Bxd4 Qe6 21. Qc2 Kg7 22. Rad1 Rae8 23. Bxf6+ Qxf6 24. g4 Qe6 25. Rd4 Nc5 26. b4 Nd7 27. gxf5 Rxf5 28. Bh3 Ref8 29. Bxf5 Rxf5 30. Qe4 Ne5 31. f4 gxf4 32. exf4 Qg6+ 33. Kh1 Ng4 34. h3 Rh5 35. Qxg6+ Kxg6 36. f5+ 1-0

[Event "Voronezh CC-ch"]
[Site "Voronezh"]
[Date "2008.10.14"]
[Round "5"]
[White "Lukjanenko, Alexander"]
[Black "Ponomariov, Timur"]
[Result "1/2-1/2"]
[WhiteElo "2378"]
[BlackElo "2297"]
[PlyCount "32"]
[EventDate "2008.10.10"]
[EventType "swiss"]
[EventRounds "9"]
[EventCountry "RUS"]
[SourceTitle "EXT 2010"]
[Source "ChessBase"]
[SourceDate "2010.11.25"]
[SourceVersion "1"]
[SourceVersionDate "2010.11.25"]
[SourceQuality "1"]

1. e4 e5 2. Nf3 Nc6 3. Bb5 a6 4. Ba4 Nf6 5. d3 b5 6. Bb3 Be7 7. c3 0-0 8. a4 Bb7 9. Nbd2 h6 10. 0-0 Re8 11. Re1 Bf8 12. Nf1 d5 13. Qe2 Na5 14. Bc2 c5 15. Ng3 Qd7 16. Bd2 c4 1/2-1/2

[Event "Voronezh op"]
[Site "Voronezh"]
[Date "2005.06.14"]
[Round "3"]
[White "Ulko, Jaroslav"]
[Black "Lukjanenko, Alexander"]
[Result "1-0"]
[WhiteElo "2478"]
[BlackElo "2388"]
[PlyCount "79"]
[EventDate "2005.06.12"]
[EventType "swiss"]
[EventRounds "9"]
[EventCountry "RUS"]
[SourceTitle "CBM 106 Extra"]
[Source "ChessBase"]
[SourceDate "2005.07.01"]
[SourceVersion "1"]
[SourceVersionDate "2005.07.01"]
[SourceQuality "1"]

1. d4 Nf6 2. c4 e6 3. Nc3 Bb4 4. Bg5 c5 5. d5 exd5 6. cxd5 d6 7. e3 Nbd7 8. Bd3 Qa5 9. Nge2 Nxd5 10. 0-0 Bxc3 11. bxc3 c4 12. Bc2 Nxc3 13. Nxc3 Qxc3 14. Qxd6 Qe5 15. Bf4 Qxd6 16. Bxd6 Nf6 17. Rab1 b6 18. Rfd1 Be6 19. Ba3 Rd8 20. Ba4+ Bd7 21. Rb5 Bxb5 22. Bxb5+ Nd7 23. Rd4 f5 24. g4 a6 25. Bc6 c3 26. gxf5 c2 27. e4 b5 28. e5 b4 29. Bc1 Ke7 30. Rxd7+ Rxd7 31. Bg5+ Kf8 32. Bxd7 h6 33. Bd2 a5 34. Ba4 Ke7 35. Bxc2 Rc8 36. Bb3 Rd8 37. Be3 Ra8 38. Bc5+ Kd8 39. f6 gxf6 40. exf6 1-0

[Event "Voronezh op 8th"]
[Site "Voronezh"]
[Date "2004.06.19"]
[Round "8"]
[White "Lukjanenko, Alexander"]
[Black "Karnaukhova, Elmira"]
[Result "0-1"]
[WhiteElo "2410"]
[BlackElo "2236"]
[PlyCount "113"]
[EventDate "2004.06.12"]
[EventType "swiss"]
[EventRounds "9"]
[EventCountry "RUS"]
[SourceTitle "EXT 2005"]
[Source "ChessBase"]
[SourceDate "2004.11.15"]
[SourceVersion "1"]
[SourceVersionDate "2004.11.15"]
[SourceQuality "1"]

1. e4 c5 2. Nf3 d6 3. d4 cxd4 4. Nxd4 Nf6 5. Nc3 a6 6. Be2 e5 7. Nb3 Be7 8. 0-0 0-0 9. Be3 Be6 10. Qd2 Nbd7 11. a4 Qc7 12. Rfd1 Rfc8 13. a5 Bc4 14. Nc1 b5 15. axb6 Nxb6 16. b3 Be6 17. N1a2 a5 18. Rac1 Qb7 19. Qd3 a4 20. Qb5 axb3 21. cxb3 Rab8 22. f3 h6 23. Rb1 Qc7 24. Qa5 Na8 25. b4 Bd8 26. Qa3 Nb6 27. Ba6 Nc4 28. Qc1 Nxe3 29. Qxe3 Qb6 30. Qxb6 Bxb6+ 31. Kh1 Bxa2 32. Nxa2 Rc2 33. Nc1 Bd4 34. Ne2 Rb6 35. Nxd4 exd4 36. b5 Nd7 37. Rxd4 Nc5 38. Bc8 Rxb5 39. Ra1 Rbb2 40. Bh3 Nb3 41. Ra8+ Kh7 42. Rd1 Rd2 43. Rf1 Nc5 44. Rf8 Kg6 45. Kg1 Nd3 46. f4 Nf2 47. Bf5+ Kf6 48. h4 g6 49. Bd7 Nxe4 50. Bh3 Nf2 51. Bd7 Ng4 52. Bc6 d5 53. Kh1 Ne3 54. Rg1 Nxg2 55. Bxd5 Rxd5 56. Rxg2 Rb4 57. Re2 0-1

[Event "Voronezh op 8th"]
[Site "Voronezh"]
[Date "2004.06.17"]
[Round "6"]
[White "Lukjanenko, Alexander"]
[Black "Bedia, Melor"]
[Result "0-1"]
[WhiteElo "2410"]
[BlackElo "2305"]
[PlyCount "90"]
[EventDate "2004.06.12"]
[EventType "swiss"]
[EventRounds "9"]
[EventCountry "RUS"]
[SourceTitle "EXT 2005"]
[Source "ChessBase"]
[SourceDate "2004.11.15"]
[SourceVersion "1"]
[SourceVersionDate "2004.11.15"]
[SourceQuality "1"]

1. e4 e5 2. Nf3 Nc6 3. Bb5 a6 4. Bxc6 dxc6 5. Nc3 f6 6. d4 exd4 7. Nxd4 c5 8. Nde2 Qxd1+ 9. Nxd1 Be6 10. Bf4 0-0-0 11. Ne3 c4 12. Rd1 Rxd1+ 13. Nxd1 Ne7 14. Nd4 Bf7 15. Ne3 g6 16. Ng4 c5 17. Nf3 Bg7 18. e5 f5 19. Ne3 h6 20. h4 b5 21. c3 Be6 22. Ke2 Rd8 23. Rd1 Rxd1 24. Kxd1 Kd7 25. Ke2 Kc6 26. Ne1 Nc8 27. f3 Nb6 28. N1c2 Nd7 29. g4 fxg4 30. Nxg4 h5 31. Nf2 Nxe5 32. Ne3 Nd3 33. Nxd3 cxd3+ 34. Kxd3 Bxa2 35. Bg5 a5 36. Ng2 Bb1+ 37. Kd2 a4 38. Be7 Bh6+ 39. Kd1 Kd5 40. Ne1 Kc4 41. Nc2 Bxc2+ 42. Kxc2 b4 43. Bf6 b3+ 44. Kd1 Kd3 45. Be7 a3 0-1

[Event "RUS-chT2"]
[Site "Sochi"]
[Date "2004.04.28"]
[Round "9.4"]
[White "Slugin, Sergey"]
[Black "Lukjanenko, Alexander"]
[Result "1/2-1/2"]
[WhiteElo "2348"]
[BlackElo "2410"]
[PlyCount "66"]
[EventDate "2004.04.20"]
[EventType "team"]
[EventRounds "9"]
[EventCountry "RUS"]
[SourceTitle "CBM 100 Extra"]
[Source "ChessBase"]
[SourceDate "2004.07.06"]
[SourceVersion "2"]
[SourceVersionDate "2004.07.06"]
[SourceQuality "1"]
[WhiteTeam "05"]
[BlackTeam "04"]
[WhiteTeamCountry "RUS"]
[BlackTeamCountry "RUS"]

1. d4 Nf6 2. c4 e6 3. Nc3 Bb4 4. e3 0-0 5. Nge2 d5 6. a3 Be7 7. Nf4 c6 8. Bd3 dxc4 9. Bxc4 Nbd7 10. Nd3 c5 11. dxc5 Nxc5 12. Nxc5 Qxd1+ 13. Kxd1 Bxc5 14. b4 Be7 15. Bb2 b6 16. Ke2 Bb7 17. f3 Rac8 18. Bd3 Nd7 19. Ne4 f5 20. Nd2 Kf7 21. e4 Bf6 22. Bxf6 Kxf6 23. f4 e5 24. Rhf1 fxe4 25. Nxe4+ Ke7 26. fxe5 Rxf1 27. Rxf1 Nxe5 28. Rf5 Nxd3 29. Kxd3 Ke6 30. Rg5 g6 31. Rg3 Ke5 32. Ng5 Ba6+ 33. Kd2 Rd8+ 1/2-1/2

[Event "RUS-chT2"]
[Site "Sochi"]
[Date "2004.04.20"]
[Round "1.4"]
[White "Weetik, Vjacheslav"]
[Black "Lukjanenko, Alexander"]
[Result "0-1"]
[WhiteElo "2436"]
[BlackElo "2410"]
[PlyCount "70"]
[EventDate "2004.04.20"]
[EventType "team"]
[EventRounds "9"]
[EventCountry "RUS"]
[SourceTitle "CBM 100 Extra"]
[Source "ChessBase"]
[SourceDate "2004.07.06"]
[SourceVersion "2"]
[SourceVersionDate "2004.07.06"]
[SourceQuality "1"]
[WhiteTeam "09"]
[BlackTeam "04"]
[WhiteTeamCountry "RUS"]
[BlackTeamCountry "RUS"]

1. d4 Nf6 2. c4 e6 3. Nf3 b6 4. g3 Ba6 5. b3 Bb4+ 6. Bd2 Be7 7. Bg2 c6 8. 0-0 d5 9. Qc2 0-0 10. Rd1 Nbd7 11. Bf4 Rc8 12. Nc3 c5 13. dxc5 Bxc5 14. e4 Ng4 15. exd5 Nxf2 16. Rf1 Ne4+ 17. Kh1 Nxc3 18. Ng5 Nf6 19. Be5 Nfe4 20. Nxe4 Nxe4 21. Bxe4 Bb7 22. Bxh7+ Kh8 23. Be4 exd5 24. Bg2 f6 25. Bb2 Qd7 26. Rf5 d4 27. Rh5+ Kg8 28. Bd5+ Bxd5+ 29. Rxd5 Qg4 30. Qg2 Rfe8 31. h3 Qe4 32. Rf1 Qxg2+ 33. Kxg2 d3 34. Bd4 Re2+ 35. Rf2 Bb4 0-1

[Event "Voronezh Master op"]
[Site "Voronezh"]
[Date "2003.06.13"]
[Round "2"]
[White "Lukjanenko, Alexander"]
[Black "Magomedov, Ibragim"]
[Result "1-0"]
[WhiteElo "2422"]
[BlackElo "2200"]
[PlyCount "97"]
[EventDate "2003.06.12"]
[EventType "swiss"]
[EventRounds "9"]
[EventCountry "RUS"]
[SourceTitle "CBM 094 Extra"]
[Source "ChessBase"]
[SourceDate "2003.07.09"]
[SourceVersion "2"]
[SourceVersionDate "2003.07.09"]
[SourceQuality "1"]

1. e4 d6 2. d4 g6 3. Nc3 Bg7 4. Be3 Nf6 5. f3 Nbd7 6. Qd2 h6 7. 0-0-0 Nb6 8. h3 c6 9. f4 Be6 10. b3 Qc7 11. g4 0-0-0 12. Nf3 Nxe4 13. Nxe4 Bd5 14. Qd3 e5 15. c4 Bxe4 16. Qxe4 d5 17. Qc2 exf4 18. Bf2 dxc4 19. bxc4 Qe7 20. Bd3 Rhe8 21. Qb3 Qc7 22. Rhe1 Kb8 23. Rxe8 Rxe8 24. Qb4 Bf8 25. Qa5 Qd6 26. Re1 Rc8 27. Qe5 Nd7 28. Qxd6+ Bxd6 29. c5 Bf8 30. Bc4 f6 31. Bd3 g5 32. Bf5 Kc7 33. Nd2 b6 34. Ne4 bxc5 35. Nxc5 Nxc5 36. dxc5 Rd8 37. Re6 Rd5 38. Be4 Re5 39. Rxc6+ Kd7 40. Bf3 Be7 41. Kd2 f5 42. gxf5 h5 43. Ra6 g4 44. c6+ Kd8 45. hxg4 hxg4 46. Bxg4 f3 47. c7+ Kxc7 48. Bg3 Kb7 49. Bxf3+ 1-0

[Event "Voronezh op 5th"]
[Site "Voronezh"]
[Date "2001.06.13"]
[Round "2"]
[White "Lukjanenko, Alexander"]
[Black "Tikhomirov, Sergei"]
[Result "1/2-1/2"]
[WhiteElo "2442"]
[BlackElo "2336"]
[PlyCount "67"]
[EventDate "2001.06.12"]
[EventType "swiss"]
[EventRounds "9"]
[EventCountry "RUS"]
[SourceTitle "EXT 2002"]
[Source "ChessBase"]
[SourceDate "2001.11.25"]
[SourceVersion "1"]
[SourceVersionDate "2001.11.25"]
[SourceQuality "1"]

1. e4 e5 2. Nf3 Nc6 3. Bb5 a6 4. Ba4 Nf6 5. 0-0 Nxe4 6. d4 b5 7. Bb3 d5 8. dxe5 Be6 9. Nbd2 Nc5 10. c3 Be7 11. Bc2 Bg4 12. Re1 Qd7 13. Nf1 Rd8 14. Ne3 Bh5 15. Nf5 Ne6 16. a4 d4 17. axb5 axb5 18. Be4 g6 19. Nh6 Bxf3 20. Bxf3 Nb8 21. cxd4 Qxd4 22. Qe2 Qb4 23. Be3 Kf8 24. Bg4 Qc4 25. Qf3 Nd4 26. Bxd4 Rxd4 27. e6 Rf4 28. Qb7 f5 29. Nf7 Rg8 30. Ra8 Kg7 31. Rxb8 Re4 32. Rxg8+ Kxg8 33. Rf1 Qxe6 34. Qxb5 1/2-1/2

[Event "Voronezh op 5th"]
[Site "Voronezh"]
[Date "2001.06.12"]
[Round "1"]
[White "Belenov, Dmitry N"]
[Black "Lukjanenko, Alexander"]
[Result "0-1"]
[WhiteElo "2275"]
[BlackElo "2442"]
[PlyCount "86"]
[EventDate "2001.06.12"]
[EventType "swiss"]
[EventRounds "9"]
[EventCountry "RUS"]
[SourceTitle "EXT 2002"]
[Source "ChessBase"]
[SourceDate "2001.11.25"]
[SourceVersion "1"]
[SourceVersionDate "2001.11.25"]
[SourceQuality "1"]

1. Nf3 c5 2. g3 Nc6 3. Bg2 g6 4. 0-0 Bg7 5. e4 e5 6. Nc3 Nge7 7. d3 0-0 8. Be3 d6 9. Qd2 Rb8 10. a4 a6 11. Nd5 Nxd5 12. exd5 Ne7 13. c4 b5 14. axb5 axb5 15. b3 Nf5 16. Bg5 Qc7 17. Qa5 Qb7 18. Ra2 h6 19. Bc1 Bd7 20. Qa6 Qc7 21. Bb2 Rb6 22. Qa5 Qb7 23. Bc3 Rb8 24. Nd2 Qc8 25. Rc1 Qe8 26. Re1 Bc8 27. Ne4 Nd4 28. Bxd4 cxd4 29. c5 dxc5 30. Nxc5 b4 31. Qa7 Qf8 32. Rc2 Bf5 33. Rec1 Rb5 34. Qa4 Qd8 35. Ra2 R5b6 36. Qa7 Bf8 37. d6 Bxd6 38. Nb7 Rc8 39. Rxc8 Qxc8 40. Bd5 Qc7 41. Qa8+ Kg7 42. Qe8 Bh3 43. Rc2 Ra6 0-1

[Event "Voronezh op-A"]
[Site "Voronezh"]
[Date "2000.??.??"]
[Round "6"]
[White "Tikhomirov, Sergei"]
[Black "Lukjanenko, Alexander"]
[Result "0-1"]
[WhiteElo "2265"]
[BlackElo "2328"]
[PlyCount "94"]
[EventDate "2000.06.??"]
[EventType "swiss"]
[EventRounds "9"]
[EventCountry "RUS"]
[SourceTitle "EXT 2001"]
[Source "ChessBase"]
[SourceDate "2000.11.22"]
[SourceVersion "1"]
[SourceVersionDate "2000.11.22"]
[SourceQuality "1"]

1. c4 c5 2. Nf3 g6 3. Nc3 Bg7 4. g3 Nc6 5. Bg2 e6 6. d3 Nge7 7. 0-0 0-0 8. a3 d5 9. Rb1 b6 10. Bd2 Bb7 11. Ne1 Qd7 12. b3 h6 13. Nc2 Rad8 14. Qc1 Kh7 15. Rd1 Nd4 16. Nxd4 cxd4 17. Na2 Rfe8 18. Nb4 h5 19. Bg5 Rc8 20. Qb2 Nf5 21. cxd5 a5 22. Nc2 Bxd5 23. Ne1 Rc5 24. Bd2 Ne3 25. fxe3 dxe3 26. d4 exd2 27. Qxd2 Rb5 28. b4 Rd8 29. e4 Bb7 30. Nc2 axb4 31. axb4 h4 32. gxh4 Rh5 33. Ra1 Bc6 34. Qf2 Ba4 35. e5 Rc8 36. Ne3 Bxd1 37. Rxd1 Rc3 38. Bf3 Bh6 39. Re1 Qxd4 40. Nd1 Qxf2+ 41. Kxf2 Rc2+ 42. Kg3 Rf5 43. Be4 Bd2 44. Rh1 Rc4 45. Bxf5 gxf5 46. Nf2 Rxb4 47. Rd1 Bf4+ 0-1

[Event "Voronezh op-A"]
[Site "Voronezh"]
[Date "2000.??.??"]
[Round "4"]
[White "Yandemirov, Valeri"]
[Black "Lukjanenko, Alexander"]
[Result "1-0"]
[WhiteElo "2472"]
[BlackElo "2328"]
[PlyCount "105"]
[EventDate "2000.06.??"]
[EventType "swiss"]
[EventRounds "9"]
[EventCountry "RUS"]
[SourceTitle "EXT 2001"]
[Source "ChessBase"]
[SourceDate "2000.11.22"]
[SourceVersion "1"]
[SourceVersionDate "2000.11.22"]
[SourceQuality "1"]

1. e4 e5 2. Nf3 Nc6 3. Bb5 a6 4. Bxc6 dxc6 5. Nc3 f6 6. d4 exd4 7. Nxd4 c5 8. Nde2 Qxd1+ 9. Nxd1 Be6 10. Bf4 0-0-0 11. Ne3 Ne7 12. Rd1 Rxd1+ 13. Kxd1 g6 14. Nc3 Bg7 15. Kc1 Rd8 16. Re1 b5 17. a3 Kb7 18. Ncd5 Nxd5 19. Nxd5 Bxd5 20. exd5 Rd7 21. b3 f5 22. c4 Bf6 23. Re6 Bh4 24. g3 Be7 25. Kd2 bxc4 26. bxc4 Bd6 27. Ke3 Kb6 28. Bxd6 cxd6 29. Kf4 Ka5 30. Kg5 Ka4 31. Kf6 Kxa3 32. Re8 Kb4 33. Ke6 Ra7 34. Kxd6 a5 35. Kc6 a4 36. d6 Ra6+ 37. Kd5 a3 38. d7 a2 39. d8Q a1Q 40. Qb8+ Kc3 41. Qe5+ Kb3 42. Qxa1 Rxa1 43. Kxc5 Kc3 44. Re3+ Kd2 45. Kd4 g5 46. Re5 f4 47. gxf4 gxf4 48. Rf5 Rh1 49. c5 Rxh2 50. c6 Rh6 51. c7 Rd6+ 52. Kc5 Rd3 53. Rxf4 1-0